00590nam a2200169Ia 4500001001000000003000500010008004100015010001100056040000900067082002000076100002100096245009000117300001500207440001600222500012600238650005600364Para_8593CHAP220125s9999 xx 000 0 und d a207404 cCHAP aPA-C 595.752 A6 aMordvilko, A. K. aLes pemphigiens des pistachiers et leurs formes analocycliques /c by A.K. Mordvilko a358-366 p. aAphidae; 24 aSobretiro de: Bulletin de la Societé Zoologique de France, 53: 358-366, 1928. Encuadernado con otros impresos similares ax Afididos x Colecciones de escritos x Pemphigus